Представление документа в формате MARC21

Поле Инд. ПП Название Значение
Тип записи a
Библиографический уровень m
001 Контрольный номер 16bbff09-cb84-4ff9-8e67-c0bb8f7428c8
005 Дата корректировки 20140703143110.5
008 Кодируемые данные 060125
020 c Цена, тираж б/ц
040 a Служба первич. каталог. НБ ТвГУ
041 a Код языка текста rus
080 a Индекс УДК 81'373(043.3)
a Индекс УДК 81'23(043.3)
084 a Индекс другой классификации/Индекс ББК Ш103я031
a Индекс другой классификации/Индекс ББК Ш100.23я031
090 x Авторский знак З-17
a Полочн. индекс Ш103
100 1_ a Автор Зайцева Елена Анатольевна
245 10 a Заглавие Слово в индивидуальном сознании: степени освоенности слов носителями языка
b Продолж. заглавия автореф. дис. ... канд. филол. наук : 10.02.19
c Ответственность Твер. гос. ун-т, Каф. англ. яз.
260 1_ a Место издания Тверь
c Дата издания 2005
300 a Объем 18 с.
b Иллюстрации/ тип воспроизводства ил., табл.
500 a Примечание На правах рукоп.
504 a Библиография Библиогр. в конце кн.
583 a Действие Получение впервые 100 27.03.2006
650 a Основная рубрика Языкознание
650 a Основная рубрика Лексикология
650 a Основная рубрика Психолингвистика
653 a Ключевые слова Языкознание
a Ключевые слова Лексикология
a Ключевые слова Психолингвистика
a Ключевые слова Межкультурное общение
a Ключевые слова Перевод
a Ключевые слова Авторефераты
a Ключевые слова Труды Тверского государственного университета
710 a Организация/ юрисдикция Тверской государственный университет
852 t Порядковый номер экземпляра 2
p Инвентарный номер б/н
888 a Бесплатные
930 a Новая/Ретро авторефераты
952 p 100.2006 б/ц 2 б/н
c Вид литературы А/Р н
954 a Дата поступления на обработку 20060328
999 a Подразделение 2 ч.з.